00566nam a2200169Ia 450000500170000000800410001702000180005808200170007610000120009324500450010526000450015030000120019550000730020794200060028095200950028699900150038120250306031838.0240331s9999 xx 000 0 und d a9789380240152 bJES26640920 aJesme,S 0aAamen:bOru Kannikasthrien Than Varalaru aNagercoilbKalachuvadu Pathippagamc2010 a224 p., aThe author, a religious nun, writes about the life in the Monastery. cL 001040708LaWERCLbWERCLcSSCd2024-03-31l0o 920 JESp6640r2024-03-31w2024-03-31yL c5660d5660